00922nam a2200241 a 450000100100000000500170001000800410002702000150006804000250008308200160010810000240012424501140014826000410026230000380030350000210034150000730036250400400043570000360047570000290051104900090054095201140054999900170066300001382020200929163348.0091130s2001 xxuab 001 0 spa d a1567188265 aDO-SdBNPbspacBNPHU axxxxbW439c1 aWelch, R. W.93131213aEl cometa de Nostradamus :bagosto 2004 !impacto! /cR. W. Welch ; traductor Héctor Ramírez, Edgar Rojas. aEstados Unidos, :bLlewellyn,c2001. axv, 270 P. :bil., map. ;c23 cm. aIncluye índice aIncluye referencias bibliográficas y notas al pie de las páginas aIncluye bibliografía (p. 257-258)1 aRamírez, Héctoretr.9313131 aRojas, Edgaretr.931314 aBNPD 001050718MOaGRbGRcCTd2009-11-30iLF1l0oxxxx W439cp13820-10r2020-06-25w2020-06-25y1ZNo se presta c13432d13432